A history of mediæval political theory in the West / (Record no. 35780)
[ view plain ]
| 000 -LEADER | |
|---|---|
| fixed length control field | 01496cam a2200265 4500 |
| 001 - CONTROL NUMBER | |
| control field | 35780 |
| 003 - CONTROL NUMBER IDENTIFIER | |
| rucl marc code | BD-RjUL |
| 005 - DATE AND TIME OF LATEST TRANSACTION | |
| control field | 20211209052358.0 |
| 008 - FIXED-LENGTH DATA ELEMENTS--GENERAL INFORMATION | |
| fixed length control field | 140609s1921 e b 001 0 eng d |
| 035 ## - SYSTEM CONTROL NUMBER | |
| System control number | (BD-RjUL)35875 |
| 040 ## - CATALOGING SOURCE | |
| Original cataloging agency | DLC |
| Transcribing agency | DLC |
| Modifying agency | BD-RjUL |
| Language of cataloging | eng |
| 041 ## - LANGUAGE CODE | |
| Language code of text/sound track or separate title | eng |
| 082 00 - DEWEY DECIMAL CLASSIFICATION NUMBER | |
| Classification number | 320.9 |
| Author mark and year | CAH V-5 1928 |
| 100 1# - MAIN ENTRY--PERSONAL NAME | |
| Personal name | Carlyle, R. W. |
| Fuller form of name | (Robert Warrand), |
| Dates associated with a name | 1859-1934. |
| 9 (RLIN) | 108980 |
| 245 02 - TITLE STATEMENT | |
| Title | A history of mediæval political theory in the West / |
| Statement of responsibility, etc. | by Sir R. W. Carlyle and A. J. Carlyle. |
| Number of part/section of a work | Vol. V |
| Name of part/section of a work | The political theory of the thirteenth century |
| 260 ## - PUBLICATION, DISTRIBUTION, ETC. (IMPRINT) | |
| Place of publication, distribution, etc. | Edinburgh ; |
| -- | London : |
| Name of publisher, distributor, etc. | W. Blackwood & sons ltd., |
| Date of publication, distribution, etc. | 1928. |
| 300 ## - PHYSICAL DESCRIPTION | |
| Pagination | xx, 494 p. ; |
| Size | 23 cm. |
| 504 ## - BIBLIOGRAPHY, ETC. NOTE | |
| Bibliography, etc | Texts of authorities referred to in each volume. |
| 505 0# - FORMATTED CONTENTS NOTE | |
| Formatted contents note | I. The second century to the ninth, by A. J. Carlyle, 3d ed. 1930.--II. The political theory of the Roman lawyers and the canonists, from the tenth century to the thirteenth century, by A. J. Carlyle. 2d impression. 1928.--III. Political theory from the tenth century to the thirteenth, by A. J. Carlyle. 1928.--IV. The theories of the relation of the empire and the papacy from the tenth century to the twelfth, by A. J. Carlyle. 2d impression. 1932.--V. The political theory of the thirteenth century. 1928.--VI. Political theory from 1300 to 1600. 1936. |
| 650 #0 - SUBJECT ADDED ENTRY--TOPICAL TERM | |
| Topical term or geographic name as entry element | Political science |
| General subdivision | History. |
| 9 (RLIN) | 108981 |
| 700 1# - ADDED ENTRY--PERSONAL NAME | |
| Personal name | Carlyle, A. J. |
| Fuller form of name | (Alexander James), |
| Dates associated with a name | 1861-1943. |
| 942 ## - ADDED ENTRY ELEMENTS (KOHA) | |
| Source of classification or shelving scheme | Dewey Decimal Classification |
| Koha item type | Books |
| Lost status | Source of classification or shelving scheme | Damaged status | Not for loan | Collection code | Permanent Location | Current Location | Shelving location | Date acquired | Source of acquisition | Cost, normal purchase price | Total Checkouts | Full call number | Date last seen | Copy number | Koha item type |
|---|---|---|---|---|---|---|---|---|---|---|---|---|---|---|---|
| Dewey Decimal Classification | Not For Loan | Non-fiction | Central Library, University of Rajshahi | Central Library, University of Rajshahi | Reading Room | 09/11/1967 | Sweets & Zeitlinger | 35.00 | 320.9 CAH V-5 1928 | 09/06/2014 | C-1 | Books |